Games trainers play outdoors / (Record no. 135064)

MARC details
000 -LEADER
fixed length control field 00816nam a22002417a 4500
003 - CONTROL NUMBER IDENTIFIER
control field dpl
005 - DATE AND TIME OF LATEST TRANSACTION
control field 20180620132518.0
008 - FIXED-LENGTH DATA ELEMENTS--GENERAL INFORMATION
fixed length control field 180620b xxu||||| |||| 00| 0 eng d
010 ## - LIBRARY OF CONGRESS CONTROL NUMBER
LC control number B-132619
020 ## - INTERNATIONAL STANDARD BOOK NUMBER
Terms of availability 00.00
International Standard Book Number 0070595070
035 ## - SYSTEM CONTROL NUMBER
System control number B-132619, B-132632
037 ## - SOURCE OF ACQUISITION
Source of stock number/acquisition Cen Lib/Ret
040 ## - CATALOGING SOURCE
Original cataloging agency DPL
Language of cataloging EN
Transcribing agency 0
082 ## - DEWEY DECIMAL CLASSIFICATION NUMBER
Classification number 658.312404
Item number KRO
100 ## - MAIN ENTRY--PERSONAL NAME
Personal name Kroehnert, Gary
9 (RLIN) 94001
245 ## - TITLE STATEMENT
Title Games trainers play outdoors /
Statement of responsibility, etc by Gary Kroehnert
260 ## - PUBLICATION, DISTRIBUTION, ETC. (IMPRINT)
Place of publication, distribution, etc New Delhi
Name of publisher, distributor, etc Tata McGraw-Hill Publishing Company
Date of publication, distribution, etc 2005
270 ## - ADDRESS
City New Delhi
Address 7 West Patel Nagar
Postal code 110008
300 ## - PHYSICAL DESCRIPTION
Extent xxxvi,203p. :
Dimensions 23cm(pbk)
Other physical details ill.
650 ## - SUBJECT ADDED ENTRY--TOPICAL TERM
Topical term or geographic name as entry element Management games -- Study and teaching
9 (RLIN) 94002
650 ## - SUBJECT ADDED ENTRY--TOPICAL TERM
Topical term or geographic name as entry element Management games -- Study and teaching -- Australia
9 (RLIN) 94003
942 ## - ADDED ENTRY ELEMENTS (KOHA)
Source of classification or shelving scheme Dewey Decimal Classification
Koha item type English Books
Classification part 658.312404
Call number suffix KRO
Holdings
Withdrawn status Lost status Damaged status Not for loan Home library Current library Date acquired Source of acquisition Cost, normal purchase price Total Checkouts Full call number Barcode Date last seen Copy number Cost, replacement price Price effective from Koha item type Source of classification or shelving scheme Collection code Total Renewals Date checked out
        Central Library Central Library 30/09/2015 Cen Lib/Ret 0.00   658.312404 KRO B-132619 30/09/2015 1 0.00 30/09/2015 English Books        
        Sarojini Nagar Sarojini Nagar 10/04/2019       658.312404 KRO B-132628 10/04/2019     10/04/2019 English Books Dewey Decimal Classification Non-fiction    
        Sarojini Nagar Sarojini Nagar 13/04/2019     1 658.312404 KRO B-132625 10/04/2024     13/04/2019 English Books Dewey Decimal Classification Non-fiction 1 20/03/2024
        Shahdara Branch Shahdara Branch 20/06/2018 BPPD/PUB 0.00   658.312404 KRO B-132632 20/06/2018   0.00 20/06/2018 English Books Dewey Decimal Classification Non-fiction    

© Delhi Public Library
Hit Counter
free hit counter